La aplicación de un sistema CAD como herramienta del diseño arquitectónico de un modelo experimental
Presenta la aplicación de un sistema CAD como herramienta de un diseño arquitectónico de un modelo experimental, muestra el sistema CAD más utilizado en el campo del diseño arquitectónico en Nicaragua y se relacionan el diseño arquitectónico analógico con el diseño arquitectónico digital....
| Main Author: | |
|---|---|
| Other Authors: | |
| Format: | Tesis Section = Libro |
| Language: | Undetermined Spanish |
| Published: |
Managua
UNI
2010
|
| Subjects: |
| LEADER | 01069nam a2200217Ia 4500 | ||
|---|---|---|---|
| 008 | 240830s9999 xx 000 0 und d | ||
| 040 | |a BIBLIOTECA-RUSB/ T.Mon 729 H557 | ||
| 041 | |a spa | ||
| 082 | |a T.Mon 729 H557 | ||
| 100 | 1 | |a Hernández Campos, Milton Alejandro | |
| 245 | 1 | 0 | |a La aplicación de un sistema CAD como herramienta del diseño arquitectónico de un modelo experimental |
| 260 | |a Managua |b UNI |c 2010 | ||
| 300 | |a 57 p. :il. | ||
| 502 | |a Tesis (Arquitecto) - UNI, 2010. | ||
| 520 | 3 | |a Presenta la aplicación de un sistema CAD como herramienta de un diseño arquitectónico de un modelo experimental, muestra el sistema CAD más utilizado en el campo del diseño arquitectónico en Nicaragua y se relacionan el diseño arquitectónico analógico con el diseño arquitectónico digital. | |
| 650 | 7 | |a DISEÑO ARQUITECTONICO DISEÑO ARQUITECTÓNICO ASISTIDO POR COMPUTADOR | |
| 650 | 7 | |b COMPUTACION GRAFICA - PROYECTOS ARQUITECTONICOS | |
| 700 | 1 | |a Tutor: |b Medrano Aguirre, Pablo José | |
| 942 | |c BK |2 ddc | ||
| 991 | |a TESIS | ||
| 999 | |c 22100 | ||